00547pab a2200181 454500008004000000100001700040245007400057260000900131300001100140362001000151650001000161650003700171773001500208908000600223909001100229999001900240952010600259180718b2014 xxu||||| |||| 00| 0 eng d aSaran, Shyam aBRICS - End of western dominance of the global financial and economic c2014 ap.7-8. a2 Aug aBRICS aInternational economic relations aMainstream aN a104910 c104905d104905 00104070aIIPAbIIPAd2018-07-19hVolume no: 52, Issue no: 32pAR105370r2018-07-19w2018-07-19yAR